Voices from within : (Record no. 93)
[ view plain ]
| 000 -LEADER | |
|---|---|
| fixed length control field | 00694cam a2200229 a 4500 |
| 001 - CONTROL NUMBER | |
| control field | 3459691 |
| 005 - DATE AND TIME OF LATEST TRANSACTION | |
| control field | 20231128001216.0 |
| 008 - FIXED-LENGTH DATA ELEMENTS--GENERAL INFORMATION | |
| fixed length control field | 920728s1991 ii a 001 0 eng |
| 020 ## - INTERNATIONAL STANDARD BOOK NUMBER | |
| ISBN | 0195628365 |
| 040 ## - CATALOGING SOURCE (பட்டியலாக்க மூலம்) | |
| Original cataloging agency | DLC |
| Transcribing agency | DLC |
| Modifying agency | DLC |
| 082 ## - DDC Classification | |
| DDC Edition Number | 22 |
| Class No. | 305.4 |
| Item Number - Author Mark | MAL. |
| 100 1# - MAIN ENTRY--PERSONAL NAME | |
| Personal name | Karlekar, Malavika. |
| 245 10 - TITLE STATEMENT | |
| Title | Voices from within : |
| Remainder of title | early personal narratives of Bengali women / |
| Statement of responsibility, etc. | Malavika Karlekar. |
| 260 ## - PUBLICATION, DISTRIBUTION, ETC. | |
| Place of publication, distribution, etc. | Delhi ; |
| -- | New York : |
| Name of publisher, distributor, etc. | Oxford University Press, |
| Date of publication, distribution, etc. | 1991. |
| 300 ## - PHYSICAL DESCRIPTION | |
| Extent (e.g. Volumes, Pages etc.) | xviii, 227 p. |
| 490 1# - SERIES STATEMENT | |
| Series statement | Women's studies |
| 650 #0 - SUBJECT ADDED ENTRY--TOPICAL TERM | |
| Topical term or geographic name entry element | Women, Bengali |
| 650 #0 - SUBJECT ADDED ENTRY--TOPICAL TERM | |
| Topical term or geographic name entry element | Women, Bengali |
| 650 #0 - SUBJECT ADDED ENTRY--TOPICAL TERM | |
| Topical term or geographic name entry element | Sex role |
| 856 42 - ELECTRONIC LOCATION AND ACCESS | |
| Uniform Resource Identifier | <a href="http://www.loc.gov/catdir/enhancements/fy0637/92191836-d.html">http://www.loc.gov/catdir/enhancements/fy0637/92191836-d.html</a> |
| 942 ## - Koha item type (Biblio) | |
| Koha item type | Books in Stacks (Lending) |
| Lost status | Damaged status | Collection code | Home library | Current library | Date acquired | Full call number | Accession Number | Item type |
|---|---|---|---|---|---|---|---|---|
| Lending | WERC Library | WERC Library | 11/28/2023 | 305.4 MAL. | 969 | Books in Stacks (Lending) |
